Library Banner

Promoting health: (Record no. 23590)

MARC details
000 -LEADER
fixed length control field 00474nam a2200193Ia 4500
001 - CONTROL NUMBER
control field 23359
008 - FIXED-LENGTH DATA ELEMENTS--GENERAL INFORMATION
fixed length control field 140410s9999 xx 000 0 und d
020 ## - INTERNATIONAL STANDARD BOOK NUMBER
International Standard Book Number 1-871364-73-6
040 ## - CATALOGING SOURCE
Transcribing agency PK-LaUMT
082 ## - DEWEY DECIMAL CLASSIFICATION NUMBER
Classification number 613
Item number EWL-P
100 ## - MAIN ENTRY--PERSONAL NAME
Personal name Ina Simnett
245 ## - TITLE STATEMENT
Title Promoting health:
Remainder of title a practical guide
Statement of responsibility, etc Ina Simnett<>Linda Ewles
250 ## - EDITION STATEMENT
Edition statement 2nd
260 ## - PUBLICATION, DISTRIBUTION, ETC. (IMPRINT)
Place of publication, distribution, etc London,UK:
Name of publisher, distributor, etc Scutari Press,
Date of publication, distribution, etc 1992
300 ## - PHYSICAL DESCRIPTION
Extent 262 p.
546 ## - LANGUAGE NOTE
Language note EN
700 ## - ADDED ENTRY--PERSONAL NAME
Personal name Linda Ewles
942 ## - ADDED ENTRY ELEMENTS (KOHA)
Koha item type Books
Holdings
Withdrawn status Lost status Damaged status Not for loan Home library Current library Date acquired Total Checkouts Full call number Barcode Date last seen Price effective from Koha item type
        UMT Main Campus UMT Main Campus 2014-04-10   613 EWL-P 26349 2014-04-24 2014-04-24 Books